| 000 -LEADER |
| fixed length control field |
00610cam a22001697a 4500 |
| 008 - FIXED-LENGTH DATA ELEMENTS--GENERAL INFORMATION |
| fixed length control field |
180718b2000 xxu||||| |||| 00| 0 eng d |
| 020 ## - INTERNATIONAL STANDARD BOOK NUMBER |
| International Standard Book Number |
0802847218 |
| 082 ## - DEWEY DECIMAL CLASSIFICATION NUMBER |
| Classification number |
AB2x5452 H892 |
| 100 ## - MAIN ENTRY--PERSONAL NAME |
| Personal name |
Hudson, D. Dennis |
| 245 ## - TITLE STATEMENT |
| Title |
Protestant origins in India: Tamil evangelical Christians, 1706-1835 |
| Statement of responsibility, etc. |
by D. Dennis Hudson |
| 260 ## - PUBLICATION, DISTRIBUTION, ETC. |
| Place of publication, distribution, etc. |
Richmond |
| Name of publisher, distributor, etc. |
Curzon Press |
| Date of publication, distribution, etc. |
2000 |
| 300 ## - PHYSICAL DESCRIPTION |
| Extent |
220p. |
| 440 ## - SERIES STATEMENT/ADDED ENTRY--TITLE |
| Title |
Studies in the history of Christian missions |
| 650 ## - SUBJECT ADDED ENTRY--TOPICAL TERM |
| Topical term or geographic name entry element |
India, South - Church history |
| 650 ## - SUBJECT ADDED ENTRY--TOPICAL TERM |
| Topical term or geographic name entry element |
Protestant Churches - Missions - India, South - History |
| 650 ## - SUBJECT ADDED ENTRY--TOPICAL TERM |
| Topical term or geographic name entry element |
Tamil (Indic people) - Missions - History |